| Tag |
First Indicator |
Second Indicator |
Subfields |
| LEADER |
00000cam a2200000 a 4500 |
| 001 |
in00000087582 |
| 005 |
20151008064849.0 |
| 008 |
820717c19791969nju b 00110 eng d |
| 035 |
|
|
|a (OCoLC)08608547
|
| 035 |
|
|
|9 AAK4939AM
|
| 040 |
|
|
|a TXA
|c TXA
|d UtOrBLW
|
| 049 |
|
|
|a TXAM
|c [1671644]
|
| 090 |
|
|
|a BS680.H47
|b R87 1979
|
| 100 |
1 |
|
|a Rushdoony, Rousas John,
|d 1916-2001.
|
| 245 |
1 |
4 |
|a The Biblical philosophy of history /
|c by Rousas John Rushdoony.
|
| 264 |
|
1 |
|a Phillipsburg, N.J. :
|b Presbyterian and Reformed Pub. Co.,
|c 1979
|
| 264 |
|
4 |
|c ©1969
|
| 300 |
|
|
|a 148 pages ;
|c 21 cm.
|
| 336 |
|
|
|a text
|b txt
|2 rdacontent
|
| 337 |
|
|
|a unmediated
|b n
|2 rdamedia
|
| 338 |
|
|
|a volume
|b nc
|2 rdacarrier
|
| 490 |
1 |
|
|a International library. Philosophical and historical studies
|
| 504 |
|
|
|a Includes bibliographical references and index.
|
| 650 |
|
0 |
|a History
|x Religious aspects
|x Christianity
|x Biblical teaching.
|
| 830 |
|
0 |
|a International library of philosophy and theology.
|p Philosophical and historical studies series.
|
| 999 |
|
|
|a MARS
|
| 999 |
f |
f |
|s 747a7d52-6115-354a-8bbb-51e22001432a
|i 4974a96d-bef1-30c2-ab04-251478fa476a
|t 0
|
| 952 |
f |
f |
|p normal
|a Texas A&M University
|b College Station
|c Sterling C. Evans Library
|d Evans: Library Stacks
|t 0
|e BS680.H47 R87 1979
|h Library of Congress classification
|i unmediated -- volume
|m A14806091666
|
| 998 |
f |
f |
|a BS680.H47 R87 1979
|t 0
|l Evans: Library Stacks
|